[Event "Stay Safe Play From Home 355"]
[Site "Emanuel Lasker Arena"]
[Date "2020.08.04"]
[Round "6"]
[White "GIULIO19031975"]
[Black "Trotsky"]
[Result "0-1"]
[WhiteElo "1764"]
[BlackElo "1647"]
[Annotator "NA RC"]
[PlyCount "70"]
[EventDate "2020.08.04"]
[EventType "swiss (blitz)"]

1. e4 {[%emt 0:00:01]} c5 {[%emt 0:00:01]} 2. Nf3 {[%emt 0:00:01]} e6 {[%emt 0:00:00]} 3. Nc3 {[%emt 0:00:00]} d5 {[%emt 0:00:01]} 4. exd5 {[%emt 0:00:01]} exd5 {[%emt 0:00:01]} 5. d4 {[%emt 0:00:01]} Be6 {[%emt 0:00:01]} 6. Bb5+ {[%emt 0:00:01]} Nc6 {[%emt 0:00:01]} 7. Ne5 {[%emt 0:00:01]} Qc7 {[%emt 0:00:01]} 8. Bxc6+ {[%emt 0:00:01]} bxc6 {[%emt 0:00:01]} 9. O-O {[%emt 0:00:01]} Bd6 {[%emt 0:00:01]} 10. Nf3 {[%emt 0:00:02]} c4 {[%emt 0:00:01]} 11. Bg5 {[%emt 0:00:02]} f6 {[%emt 0:00:02]} 12. Bh4 {[%emt 0:00:01]} O-O-O {[%emt 0:00:01]} 13. Bg3 {[%emt 0:00:01]} g5 {[%emt 0:00:02]} 14. Bxd6 {[%emt 0:00:02]} Qxd6 {[%emt 0:00:01]} 15. b3 {[%emt 0:00:01]} h5 {[%emt 0:00:01]} 16. bxc4 {[%emt 0:00:01]} Nh6 {[%emt 0:00:01]} 17. c5 {[%emt 0:00:01]} Qc7 {[%emt 0:00:01]} 18. Ne2 {[%emt 0:00:03]} Ng4 {[%emt 0:00:01]} 19. g3 {[%emt 0:00:02]} h4 {[%emt 0:00:01]} 20. c4 {[%emt 0:00:01]} hxg3 {[%emt 0:00:01]} 21. fxg3 {[%emt 0:00:00]} Rh3 {[%emt 0:00:01]} 22. cxd5 {[%emt 0:00:01]} Bxd5 {[%emt 0:00:02]} 23. Kg2 {[%emt 0:00:08]} Rdh8 {[%emt 0:00:03]} 24. Rh1 {[%emt 0:00:06]} Ne3+ {[%emt 0:00:01]} 25. Kf2 {[%emt 0:00:03]} Nxd1+ {[%emt 0:00:01]} 26. Raxd1 {[%emt 0:00:01]} Bxf3 {[%emt 0:00:01]} 27. Kxf3 {[%emt 0:00:01]} g4+ {[%emt 0:00:01]} 28. Kg2 {[%emt 0:00:01]} f5 {[%emt 0:00:02]} 29. Nf4 {[%emt 0:00:01]} Qa5 {[%emt 0:00:04]} 30. Rde1 {[%emt 0:00:01]} Qxa2+ {[%emt 0:00:01]} 31. Re2 {[%emt 0:00:00]} Qb3 {[%emt 0:00:02]} 32. Rf2 {[%emt 0:00:02]} Qe3 {[%emt 0:00:01]} 33. Rb2 {[%emt 0:00:02]} Qf3+ {[%emt 0:00:02]} 34. Kg1 {[%emt 0:00:02]} Re8 {[%emt 0:00:01]} 35. Rd2 {[%emt 0:00:04]} Re1# {[%emt 0:00:01] (Lag: Av=0.36s, max=0.9s) (Lag: Av=0.36s, max=0.9s) (Lag: Av=0.36s, max=0.9s) (Lag: Av=0.36s, max=0.9s) (Lag: Av=0.36s, max=0.9s)} 0-1

[Event "Stay Safe Play From Home 355"]
[Site "Emanuel Lasker Arena"]
[Date "2020.08.04"]
[Round "7"]
[White "AChessPlayer"]
[Black "Nuktotitakoi"]
[Result "0-1"]
[WhiteElo "2428"]
[BlackElo "2364"]
[Annotator "TA"]
[PlyCount "124"]
[EventDate "2020.08.04"]
[EventType "swiss (blitz)"]

{[%evp 16,123,0,-4,13,-24,-10,-10,-6,-27,-25,-29,54,0,24,-15,-18,-14,-14,-14,0,0,0,-126,-126,-139,-128,-213,-96,-396,-64,-66,0,-104,68,89,246,236,279,12,15,3,16,-46,0,0,233,0,0,0,24,22,114,0,0,0,1219,-45,-17,-16,0,-37,0,-335,-279,-235,0,-343,-329,-302,-265,-265,-158,-158,-158,-373,-158,-586,-586,-741,-721,-318,-5787,-7779,-697,-1644,-6886,-4627,-3986,-2074,-154,-29980,-29981,-29985,-29986,-29985,-29985,-29989,-29987,-29990,-29991,-29994,-29995,-29996,-29994,-29998,-29996,-29996,-29997,-29999]} 1. Nf3 d6 2. g3 Nf6 3. Bg2 g6 4. O-O Bg7 5. d3 O-O 6. e4 c5 7. Nc3 Nc6 8. Re1 Rb8 9. a4 a6 {B25: Closed Sicilian: 3 g3, lines without early Be3.} 10. h3 b5 11. axb5 axb5 {The position is equal.} 12. Be3 b4 13. Ne2 {[#]} d5 $146 ({Black should play} 13... e5 $11) ({Predecessor:} 13... Nd7 14. Qc1 Qb6 15. Bh6 Ba6 16. Bxg7 Kxg7 17. Qe3 e5 18. c3 Ra8 19. g4 Bb7 20. Rxa8 Rxa8 {1-0 (65) Morozov,E (2306)-Avalyan,A (2068) Voronezh 2016}) 14. Bf4 ({Better is} 14. Bxc5 $14 dxe4 15. dxe4) 14... Rb7 15. Qc1 (15. e5 $5 {[%cal Re5f6]} Nd7 16. d4 $14) 15... dxe4 16. dxe4 Nxe4 17. Bh6 f5 18. Bxg7 Kxg7 19. Nf4 (19. Ng5 $1 $11) 19... e5 $17 20. Rd1 Qe8 21. Nd5 (21. Ne2 $17 {only move.}) 21... Be6 (21... Nd4 $1 $19 {[%cal Rd4e2] is more deadly. Hoping for ...Ne2+.} 22. Re1 Qe6) 22. Ng5 $2 {[%mdl 8192]} (22. c3 $17 {might work better.}) 22... Nxg5 $2 (22... Nd4 $19 23. Nxe6+ Qxe6) 23. Qxg5 $15 Qf7 (23... Nd4 $15 24. c3 Nb3) 24. c4 (24. Ra6 Nd4 $17) (24. Qe3 $11) 24... h6 $2 (24... e4 $17 {Strongly threatening ...Nd4.} 25. Qe3 Nd4) 25. Qe3 $14 Rd7 $2 (25... e4 $16) 26. Qxc5 $18 Nd4 27. Rxd4 $2 ({Not} 27. Nxb4 Qf6 $14) ({Worse is} 27. Qxb4 Nc2 $11) (27. Nb6 $18 Rdd8 28. Qxe5+ Qf6 29. Ra7+ Kh8 30. Qxf6+ Rxf6 31. Nd5) 27... exd4 $11 28. Qxd4+ Kh7 29. Re1 (29. Qb6 $11) 29... Bxd5 (29... f4 $5) 30. Bxd5 Qf6 $2 {[#]} (30... Re8 $11 31. Rd1 Red8) 31. Qc5 $2 (31. Bg8+ $1 $18 {[%mdl 512]} Kxg8 (31... Rxg8 32. Qxf6) 32. Qxd7) 31... Qd6 32. Qd4 f4 33. g4 h5 {[#]} (33... Rfd8 $11 {remains equal.}) 34. gxh5 (34. c5 $1 $16 {[%cal Rc5d6]} Qc7 35. c6) 34... gxh5 35. Kh1 Qf6 $2 {[%mdl 8192]} (35... Kh6 $11) 36. Qe4+ $2 (36. Be4+ $18 Kh6 37. Qxd7) 36... Kh8 37. Qf3 Rh7 38. Re6 Qxb2 {And now ...Qb1+ would win.} 39. c5 $2 {[%mdl 8192]} (39. Qe4 $11 Qc3 40. Kh2) 39... Qa1+ 40. Kh2 Qc3 $2 (40... Rg8 $19 {[%csl Gg8][%cal Ra1g1]} 41. Qh1 Qxh1+ 42. Bxh1 Rc7) 41. c6 $2 {[%mdl 8192]} (41. Qe4 $11 {and White is okay.} Qb2 42. Qe1) 41... Qxf3 $19 42. Bxf3 {[%mdl 4096] Endgame KRR-KRB} b3 43. Re2 Rc7 (43... Rb8 $19 44. Rb2 Rc7) 44. Rb2 $17 Rb8 45. Bd5 $2 (45. h4 $17) 45... Kg7 (45... Rb5 $19 {and Black stays clearly on top.} 46. Bc4 Rb4) 46. Be4 $2 (46. h4 $17 {is a better chance.}) 46... Kf6 $19 47. Bd5 Ke5 48. Rxb3 Rxb3 ({Inferior is} 48... Kxd5 49. Rxb8 Rxc6 50. Kg2 $11) 49. Bxb3 Rxc6 {KR-KB} 50. Bd1 h4 (50... Rh6 $142 51. Kg1 Rg6+ 52. Kf1 h4) 51. Bf3 Rc3 52. Kg2 Kd4 $2 (52... Kd6 $19 {has better winning chances.} 53. Bh5 Ra3) 53. Bg4 $2 (53. Bb7 $17) 53... Ke4 {Black mates.} 54. Bh5 f3+ 55. Kh2 Kf4 56. Kg1 Rc1+ 57. Kh2 Rf1 58. Bg4 Rxf2+ 59. Kh1 Re2 60. Bh5 Rd2 61. Kg1 Kg3 {[%cal Rd2d1]} 62. Kf1 Rd1# {What a bad dream for White. Accuracy: White = 41%, Black = 52%.} 0-1

[Event "Stay Safe Play From Home 355"]
[Site "Emanuel Lasker Arena"]
[Date "2020.08.04"]
[Round "7"]
[White "Broken sword"]
[Black "NTBT_DHS"]
[Result "0-1"]
[WhiteElo "2397"]
[BlackElo "2576"]
[Annotator "TA"]
[PlyCount "68"]
[EventDate "2020.08.04"]
[EventType "swiss (blitz)"]

{[%evp 11,67,29,56,49,59,41,40,35,33,28,44,34,34,21,45,44,61,23,20,-52,-75,-116,-97,-83,-84,-137,-2,-47,-60,-48,-10,-116,-120,-160,-153,-268,-270,-313,-312,-310,-250,-261,-242,-257,-272,-582,-576,-935,-910,-954,-947,-914,-908,-29997,-29998,-29998,-29999,-29999]} 1. e4 g6 2. d4 Bg7 3. Nc3 d6 4. Be3 Nd7 5. Qd2 a6 6. a4 b6 7. f3 {B06: Modern Defence.} Bb7 8. Bc4 {is the legacy move (8.h4).} Ngf6 $5 {[%mdl 4] An interesting side line.} 9. Nge2 {White is slightly better.} O-O 10. Bh6 {[#]} e6 $146 ({Predecessor:} 10... c5 11. h4 cxd4 12. Nxd4 Ne5 13. Bb3 d5 14. Bxg7 Kxg7 15. exd5 b5 16. h5 gxh5 17. Nf5+ Kh8 18. Ne4 Nxe4 19. fxe4 e6 20. Qh6 exf5 21. Rxh5 Qa5+ 22. Kd1 {1-0 (22) Tahaoglu,E (1714)-Atas,Y (1872) Antalya 2019}) 11. Bxg7 Kxg7 12. h4 d5 13. exd5 exd5 14. Bd3 c5 {aiming for ...c4.} 15. dxc5 (15. Nf4 $11) 15... bxc5 $15 {[%cal Bb6c5,Bc5c4][%mdl 32]} 16. Ng3 c4 17. Be2 Qc7 18. Qg5 ({White should try} 18. f4) 18... Qe5 (18... Kh8 $17 {Threatens to win with ...Rab8.} 19. O-O Kg8) 19. Qxe5 Nxe5 20. O-O-O Rad8 {...d4 is the strong threat.} 21. h5 {[#]} (21. Rd2 $11 {keeps the balance.}) 21... d4 $1 $36 {[%cal Rd4c3][%mdl 2048] Black has strong initiative.} 22. Nce4 Nxe4 23. fxe4 (23. Nxe4 $17 Bxe4 24. fxe4) 23... d3 $19 24. cxd3 cxd3 25. Bf3 Rc8+ 26. Kb1 Bc6 27. h6+ Kg8 28. a5 $2 (28. b3 {is more resistant.}) 28... Ba4 29. Rd2 Bc2+ 30. Ka1 Rc5 {[%cal Rc5a5]} 31. b4 Rc3 32. Nf1 Ra3+ {Black mates.} 33. Kb2 Nc4+ {[%mdl 64] [#] Double Attack} 34. Kc1 Ra1# {Accuracy: White = 33%, Black = 80%.} 0-1

[Event "Stay Safe Play From Home 355"]
[Site "Emanuel Lasker Arena"]
[Date "2020.08.04"]
[Round "7"]
[White "Rogan"]
[Black "GIULIO19031975"]
[Result "1-0"]
[WhiteElo "2242"]
[BlackElo "1741"]
[Annotator "NA RC"]
[PlyCount "63"]
[EventDate "2020.08.04"]
[EventType "swiss (blitz)"]

1. d4 {[%emt 0:00:01]} d5 {[%emt 0:00:08]} 2. c3 {[%emt 0:00:00]} Nf6 {[%emt 0:00:01]} 3. Nf3 {[%emt 0:00:00]} e6 {[%emt 0:00:00]} 4. Bg5 {[%emt 0:00:00]} c6 {[%emt 0:00:00]} 5. e3 {[%emt 0:00:00]} Be7 {[%emt 0:00:00]} 6. Bd3 {[%emt 0:00:00]} Nbd7 {[%emt 0:00:00]} 7. Qc2 {[%emt 0:00:00]} h6 {[%emt 0:00:00]} 8. Bh4 {[%emt 0:00:01]} b6 {[%emt 0:00:00]} 9. Nbd2 {[%emt 0:00:00]} a5 {[%emt 0:00:01]} 10. O-O {[%emt 0:00:00]} Bb7 {[%emt 0:00:00]} 11. Ne5 {[%emt 0:00:00]} Rc8 {[%emt 0:00:01]} 12. f4 {[%emt 0:00:01]} c5 {[%emt 0:00:00]} 13. Bb5 {[%emt 0:00:01]} c4 {[%emt 0:00:01]} 14. Bxf6 {[%emt 0:00:01]} Bxf6 {[%emt 0:00:01]} 15. Nxd7 {[%emt 0:00:01]} Qxd7 {[%emt 0:00:03]} 16. Bxd7+ {[%emt 0:00:01]} Kxd7 {[%emt 0:00:00]} 17. Nf3 {[%emt 0:00:01]} g5 {[%emt 0:00:02]} 18. Ne5+ {[%emt 0:00:01]} Bxe5 {[%emt 0:00:02]} 19. fxe5 {[%emt 0:00:01]} Ke7 {[%emt 0:00:02]} 20. Rf6 {[%emt 0:00:01]} Rcg8 {[%emt 0:00:01]} 21. Raf1 {[%emt 0:00:00]} Rg7 {[%emt 0:00:01]} 22. Qa4 {[%emt 0:00:00]} Bc8 {[%emt 0:00:01]} 23. Qc6 {[%emt 0:00:01]} Bd7 {[%emt 0:00:01]} 24. Qd6+ {[%emt 0:00:01]} Ke8 {[%emt 0:00:02]} 25. Rxf7 {[%emt 0:00:01]} Rxf7 {[%emt 0:00:01]} 26. Rxf7 {[%emt 0:00:00]} Kxf7 {[%emt 0:00:00]} 27. Qxd7+ {[%emt 0:00:00]} Kg6 {[%emt 0:00:01]} 28. Qxe6+ {[%emt 0:00:00]} Kh5 {[%emt 0:00:01]} 29. h3 {[%emt 0:00:01]} Rf8 {[%emt 0:00:01]} 30. g4+ {[%emt 0:00:02]} Kh4 {[%emt 0:00:01]} 31. Kg2 {[%emt 0:00:00]} h5 {[%emt 0:00:03]} 32. Qh6 {[%emt 0:00:04] GIULIO19031975 abbandona GIULIO19031975 abbandona GIULIO19031975 abbandona GIULIO19031975 abbandona GIULIO19031975 abbandona (Lag: Av=0.46s, max=1.1s) (Lag: Av=0.46s, max=1.1s) (Lag: Av=0.46s, max=1.1s) (Lag: Av=0.46s, max=1.1s) (Lag: Av=0.46s, max=1.1s)} 1-0

[Event "Stay Safe Play From Home 355"]
[Site "Emanuel Lasker Arena"]
[Date "2020.08.04"]
[Round "7"]
[White "Lamborghini"]
[Black "SoulofWolf"]
[Result "1-0"]
[WhiteElo "2232"]
[BlackElo "2144"]
[Annotator "TA"]
[PlyCount "139"]
[EventDate "2020.08.04"]
[EventType "swiss (blitz)"]

{[%evp 9,139,37,57,22,114,116,112,109,120,74,152,152,174,175,164,144,139,132,175,164,212,207,240,236,276,239,244,243,364,360,1305,1301,1267,1252,1232,1229,1881,1761,2066,1860,1520,841,1752,1722,1722,1502,1324,981,2622,2502,29987,29988,29991,2059,29992,29993,29993,29990,29990,29991,29991,29987,29987,29975,29975,29976,29976,29977,29975,29978,29979,29979,29980,29981,29989,29990,29993,29986,29986,29983,29983,29984,29984,29985,29985,29986,29987,29985,29985,29986,29986,29987,29987,29986,29988,29986,29986,29987,29987,29987,29987,29986,29986,29987,29987,29988,29988,29989,29989,29987,29987,29988,29988,29989,29989,29989,29990,29991,29993,29994,29994,29994,29996,29997,29999,29999,29999,29997,29998,29999,29999,29999]} 1. e4 f5 2. exf5 d6 3. d4 Bxf5 4. Bd3 Qd7 5. Ne2 Nf6 {[#]} 6. Ng3 $146 {A82: Dutch Defence: Staunton Gambit.} ({Predecessor:} 6. O-O Nc6 7. c4 e5 8. d5 Ne7 9. Nbc3 g6 10. Ng3 Bg7 11. f4 exf4 12. Bxf4 Bxd3 13. Qxd3 {1-0 (28) Jenni,F (2520)-Buecker,S (2354) playchess.com INT 2006}) 6... Bg6 (6... Bxd3 $11 7. Qxd3 Nc6) 7. Bxg6+ $1 $16 hxg6 {[#]} 8. Qd3 $1 {White is better.} Kf7 9. Nc3 {[%cal Bb1c3,Bc3e4,Be4g5][%mdl 32]} c6 (9... Nc6 $142) 10. Nce4 Na6 11. Ng5+ Kg8 12. Qxg6 {[%csl Gg5][%cal Rg6f7]} Qe8 13. Qf5 {White wants to mate with Qe6+.} e5 14. dxe5 dxe5 15. c3 Rd8 16. O-O Nc7 17. Be3 Ncd5 18. Rad1 Bd6 (18... Qd7 {was worth a try.} 19. Qxd7 (19. Qxe5 Re8 $18) (19. Bxa7 Qxf5 20. Nxf5 Ra8 $16) 19... Nxd7) 19. c4 $18 ({Weaker is} 19. Bxa7 b5 $18) 19... Ne7 $2 (19... Nxe3 20. fxe3 Bc7) 20. Qe6+ {[%mdl 64] Double Attack} Kf8 21. Rxd6 Rxd6 22. Qxd6 Qg6 23. Rd1 Qe8 24. Ne6+ Kf7 25. Nc7 Qf8 26. Qe6+ Kg6 27. h3 Kh7 28. Nf5 Nxf5 29. Qxf5+ Kg8 30. Ne6 Qf7 31. Qxe5 (31. Rd8+ $142 Ne8 32. Qxe5 Qg6 {[#]} 33. Rxe8+ $1 {[%mdl 512]} Kh7 34. Ng5+ Qxg5 35. Qxg5 Rxe8 36. Bd4) 31... Kh7 32. Ng5+ {[%mdl 64] Double Attack. White mates.} Kg6 33. Nxf7 Kxf7 34. Rd6 Re8 {[#]} 35. Rxf6+ $1 gxf6 36. Qxe8+ Kxe8 37. Bxa7 {[%mdl 4096] Endgame KB-K3P} Kf7 38. Bd4 Ke6 39. Bxf6 Kxf6 {KP-KP} 40. g4 Kg5 41. f4+ Kh4 42. Kg2 c5 43. g5 Kh5 {[#]} 44. g6 $1 Kxg6 45. Kf3 Kf5 46. h4 b6 47. h5 Kf6 48. h6 Kg6 49. Ke4 Kxh6 50. Kd5 Kg7 51. Kc6 b5 52. Kb6 bxc4 53. Kxc5 Kf7 54. Kxc4 Kf6 {[#]} 55. f5 $1 Kxf5 56. Kd5 Kf6 57. b4 Ke7 58. Kc6 Kd8 59. Kb7 Kd7 60. b5 Kd6 61. b6 Kc5 62. Ka7 Kb4 63. b7 Ka3 64. b8=Q {[%csl Ga2][%cal Rb8b3]} Kxa2 65. Kb6 Ka3 66. Kc5 Ka4 67. Kc4 {[%csl Gc4][%cal Rb8b4]} Ka3 68. Qb5 {[%csl Gc4][%cal Rb5b3]} Ka2 69. Kc3 {[%csl Gc3][%cal Rb5b2]} Ka1 70. Kc2 {Accuracy: White = 89%, Black = 57%.} 1-0

[Event "Stay Safe Play From Home 355"]
[Site "Emanuel Lasker Arena"]
[Date "2020.08.04"]
[Round "7"]
[White "Little champs"]
[Black "Greblha"]
[Result "1-0"]
[WhiteElo "2193"]
[BlackElo "1924"]
[Annotator "TA"]
[PlyCount "109"]
[EventDate "2020.08.04"]
[EventType "swiss (blitz)"]

{[%evp 15,108,16,12,0,27,0,0,0,0,0,-14,-15,-7,-18,0,0,112,14,19,5,26,22,14,25,106,72,99,51,73,50,50,49,46,14,18,20,34,34,37,0,10,0,0,-18,2,-2,-4,-10,-2,-2,-1,-65,-64,-70,0,-532,0,-64,-53,-66,-2,-2,-2,-2,-2,-2,-2,-2,-2,-2,-2,-2,-2,-2,-2,-2,0,-2,112,81,95,88,29983,29984,29986,29987,29993,29994,29994,29995,29995,29996,29996,29996,29999]} 1. d4 c6 2. e3 d5 3. Nf3 Nf6 4. Be2 g6 5. O-O Bg7 6. c4 O-O 7. cxd5 cxd5 8. Nc3 Nc6 9. Re1 {D94: Grünfeld: 4 Nf3 Bg7 5 e3.} e6 {[#]} 10. Bd3 $146 ({Predecessor:} 10. a3 a6 11. b4 b5 12. Bb2 Bb7 13. Qb3 Qd6 14. Ne5 Ne4 15. Nd3 Nd2 16. Qc2 {0-1 (51) Kone,C-Wieber,D (1818) Lambsheim 2017}) 10... a6 11. b3 {The position is equal.} b5 12. Bc2 Bb7 13. Bb2 Rc8 14. Rc1 $1 Nb4 15. Bb1 Qd7 {[#]} (15... Nc6 $11) 16. a3 (16. Ba3 $1 $16 {[%cal Ra3b4]} Qe7 17. Qd2) 16... Nc6 $11 17. Ne5 $36 {[%mdl 2048] White has the initiative.} Nxe5 (17... Qe7 {seems wilder.} 18. Nd3 Nd7 19. Qd2 Rc7 20. Na2 Rfc8) 18. dxe5 Ne8 $1 19. f4 Nc7 (19... f6 $11 {remains equal.}) 20. Qd2 Na8 21. Ne2 Nb6 22. Nd4 Rxc1 23. Rxc1 Rc8 24. h3 Rxc1+ 25. Qxc1 Qc8 26. Qxc8+ Nxc8 27. b4 Bf8 28. Nb3 Nb6 29. Bd3 Bc8 30. Bd4 Nc4 31. Bxc4 dxc4 {[%mdl 4096] Endgame KBB-KBN} 32. Na5 Be7 33. Nc6 ({White should try} 33. Kf2 $11) 33... Kf8 $1 $15 34. Kf2 Ke8 (34... Bb7 $15 35. Nxe7 Kxe7) 35. Kf3 $2 {[%mdl 8192]} (35. Nxe7 $11 {and White is okay.} Kxe7 36. e4) 35... Kd7 $2 ({Black should play} 35... Bb7 $19 36. e4 Bxc6) 36. Na5 (36. Nxe7 $11 Kxe7 37. e4) 36... Bd8 37. e4 Bxa5 (37... Kc7 $15) 38. bxa5 {KB-KB} Bb7 39. Ke3 Kc6 40. g4 Bc8 41. h4 Bb7 42. Kd2 Kd7 43. Ke3 Bc6 44. f5 Bb7 45. Kf4 Bc6 46. fxg6 hxg6 (46... fxg6 $11 {keeps the balance.} 47. g5 Ke8) 47. h5 gxh5 48. gxh5 Ke7 $2 {[%mdl 8192] [#]} (48... Ke8 $16) 49. Bc5+ {White mates.} Ke8 50. h6 f5 51. h7 Bxe4 52. h8=Q+ Kd7 53. Qg7+ Kc6 54. Qe7 Kd5 55. Qd6# {What a bad dream for Black. Accuracy: White = 69%, Black = 69%.} 1-0

[Event "Stay Safe Play From Home 355"]
[Site "Emanuel Lasker Arena"]
[Date "2020.08.04"]
[Round "7"]
[White "TheCHESSHOUSE"]
[Black "Trotsky"]
[Result "1-0"]
[WhiteElo "2090"]
[BlackElo "1669"]
[Annotator "TA"]
[PlyCount "45"]
[EventDate "2020.08.04"]
[EventType "swiss (blitz)"]

{[%evp 9,45,-15,-12,-1,64,37,183,185,163,97,135,116,201,189,312,291,289,249,264,199,234,158,160,160,208,195,450,471,1788,1801,1711,1611,1787,1545,1598,1380,1272,1295]} 1. d4 d5 2. c4 e6 3. g3 c5 4. dxc5 Bxc5 5. Nf3 Nc6 ({Reject} 5... dxc4 6. Qxd8+ Kxd8 7. Bg2 $14) 6. Bg2 {[#] D30: Queen's Gambit Declined: Systems without Nc3.} Qc7 $146 (6... Nf6 $11) ({Predecessor:} 6... Nf6 7. O-O O-O 8. a3 dxc4 9. Qc2 b5 10. b3 Ba6 11. bxc4 bxc4 12. e3 Rc8 13. Rd1 Qb6 14. Nbd2 Rfd8 15. Bb2 Nd5 16. Ng5 {1-0 (52) Nelson,O (1966)-Milewska,A (1778) Hull 2018}) 7. O-O Bd6 (7... Nf6 $14) 8. cxd5 $18 {White is clearly better.} exd5 9. Qxd5 (9. Nc3 $18) 9... Be6 10. Qd1 O-O-O (10... Rd8 $16) 11. Qa4 Kb8 (11... Nf6 $142 12. Na3 a6) 12. Nc3 a6 13. Be3 Nf6 14. Rac1 {[#] And now Nd4 would win.} Ng4 15. Bg5 f6 16. Bd2 h5 17. h3 Bxg3 $2 {[#]} (17... Nxf2 {is a better defense.} 18. Rxf2 Bxg3) 18. fxg3 {White is clearly winning.} Qxg3 (18... Rxd2 $142 19. Nxd2 Ne3) 19. Bf4+ Qxf4 20. Qxf4+ Ka8 21. Ne4 g5 22. Qg3 Ne3 23. Nxf6 {Accuracy: White = 71%, Black = 18%.} 1-0

[Event "Stay Safe Play From Home 355"]
[Site "Emanuel Lasker Arena"]
[Date "2020.08.04"]
[Round "7"]
[White "Cirovicz"]
[Black "Fischer_11"]
[Result "0-1"]
[WhiteElo "1840"]
[BlackElo "2108"]
[Annotator "NA RC"]
[PlyCount "66"]
[EventDate "2020.08.04"]
[EventType "swiss (blitz)"]

1. e4 {[%emt 0:00:02]} Nf6 {[%emt 0:00:01]} 2. e5 {[%emt 0:00:01]} Nd5 {[%emt 0:00:00]} 3. c4 {[%emt 0:00:00]} Nb6 {[%emt 0:00:01]} 4. Nc3 {[%emt 0:00:01]} d6 {[%emt 0:00:00]} 5. d4 {[%emt 0:00:00]} dxe5 {[%emt 0:00:01]} 6. dxe5 {[%emt 0:00:01]} Qxd1+ {[%emt 0:00:00]} 7. Kxd1 {[%emt 0:00:01]} Nc6 {[%emt 0:00:00]} 8. Nf3 {[%emt 0:00:01]} Bg4 {[%emt 0:00:01]} 9. Be3 {[%emt 0:00:01]} O-O-O+ {[%emt 0:00:00]} 10. Kc2 {[%emt 0:00:01]} Bxf3 {[%emt 0:00:03]} 11. gxf3 {[%emt 0:00:01]} Nxe5 {[%emt 0:00:00]} 12. Bxb6 {[%emt 0:00:02]} axb6 {[%emt 0:00:00]} 13. Bh3+ {[%emt 0:00:03]} e6 {[%emt 0:00:01]} 14. Ne4 {[%emt 0:00:01]} h6 {[%emt 0:00:04]} 15. b3 {[%emt 0:00:02]} Nxf3 {[%emt 0:00:02]} 16. a4 {[%emt 0:00:02]} Bb4 {[%emt 0:00:01]} 17. Bg2 {[%emt 0:00:04]} Nd2 {[%emt 0:00:02]} 18. Nxd2 {[%emt 0:00:05]} Rxd2+ {[%emt 0:00:00]} 19. Kc1 {[%emt 0:00:02]} Rxf2 {[%emt 0:00:00]} 20. Be4 {[%emt 0:00:02]} f5 {[%emt 0:00:02]} 21. Bc2 {[%emt 0:00:03]} e5 {[%emt 0:00:02]} 22. a5 {[%emt 0:00:01]} bxa5 {[%emt 0:00:01]} 23. c5 {[%emt 0:00:01]} g5 {[%emt 0:00:02]} 24. c6 {[%emt 0:00:01]} Rd8 {[%emt 0:00:03]} 25. h4 {[%emt 0:00:01]} g4 {[%emt 0:00:01]} 26. cxb7+ {[%emt 0:00:02]} Kxb7 {[%emt 0:00:01]} 27. Re1 {[%emt 0:00:01]} e4 {[%emt 0:00:01]} 28. Ra4 {[%emt 0:00:03]} Bxe1 {[%emt 0:00:01]} 29. Rxa5 {[%emt 0:00:02]} Bxa5 {[%emt 0:00:01]} 30. b4 {[%emt 0:00:01]} Rxc2+ {[%emt 0:00:01]} 31. Kxc2 {[%emt 0:00:02]} Bxb4 {[%emt 0:00:00]} 32. Kb3 {[%emt 0:00:00]} h5 {[%emt 0:00:00]} 33. Kc4 {[%emt 0:00:00]} f4 {[%emt 0:00:00] Cirovicz resigns Cirovicz resigns Cirovicz resigns Cirovicz resigns Cirovicz resigns (Lag: Av=0.65s, max=0.8s) (Lag: Av=0.65s, max=0.8s) (Lag: Av=0.65s, max=0.8s) (Lag: Av=0.65s, max=0.8s) (Lag: Av=0.65s, max=0.8s)} 0-1

[Event "Stay Safe Play From Home 355"]
[Site "Emanuel Lasker Arena"]
[Date "2020.08.04"]
[Round "8"]
[White "NTBT_DHS"]
[Black "Little champs"]
[Result "1-0"]
[WhiteElo "2585"]
[BlackElo "2199"]
[Annotator "TA"]
[PlyCount "77"]
[EventDate "2020.08.04"]
[EventType "swiss (blitz)"]

{[%evp 9,77,6,27,15,13,-10,23,-2,27,0,30,7,71,39,40,45,49,43,40,52,82,95,95,24,52,55,80,53,92,62,62,55,57,57,69,68,58,53,66,64,72,72,71,68,300,60,200,223,210,200,242,227,1425,1352,1366,1385,1351,1351,1266,1203,1195,1165,1106,1057,1004,964,1678,1621,29994,29995]} 1. d4 c6 2. Nf3 d5 3. g3 g6 4. Bg2 Bg7 5. O-O Nf6 6. Re1 {D02: 1 d4 d5 2 Nf3 sidelines, including 2...Nf6 3 g3 and 2...Nf6 3 Bf4.} O-O 7. b3 Ne4 8. Bb2 {[#] White has an edge.} f5 $146 ({Predecessor:} 8... Bf5 9. Nbd2 c5 10. Nxe4 dxe4 11. Ne5 Nd7 12. Nxd7 Qxd7 13. c3 Rfd8 14. e3 Rac8 {½-½ (23) Bakalarczyk,W (2000)-Ofstad,P (2194) Bad Woerishofen 2001}) 9. Ne5 Nd7 10. f3 {And now Nxd7 would win.} (10. Nd3 {is interesting.} Re8 11. Nd2 c5 12. e3 e6 13. c4) 10... Nef6 (10... Nec5 $11) 11. Nd2 Nxe5 12. dxe5 Nd7 13. f4 e6 14. c4 b6 15. cxd5 cxd5 16. Nf3 (16. Ba3 $16) 16... Bb7 17. Rc1 Rc8 18. Ba3 Re8 19. Nd4 Nc5 20. Nb5 Bf8 21. Qd4 ({Of course not} 21. Nxa7 Ra8 $15) 21... a6 {[#]} 22. Nd6 $1 {[%mdl 512]} Bxd6 23. exd6 Qxd6 24. Bb2 {[%csl Gb2][%cal Rd4g7]} e5 $1 {[%cal Re5d4]} 25. fxe5 Qe6 26. Red1 $40 {[%mdl 128] White is up to no good.} Nd7 $2 (26... Ne4 $14) 27. h4 $2 ({Less strong is} 27. Bxd5 Bxd5 28. Rxc8 (28. Qxd5 Qxd5 29. Rxd5 Rxc1+ 30. Bxc1 Nxe5 $11) 28... Rxc8 $16) (27. Rxc8 $18 Rxc8 28. e4 $1 {[%mdl 512]} (28. Bxd5 Bxd5 29. Qxd5 Nc5 $16) 28... Qxe5 29. Qxe5 Nxe5 30. Bxe5 dxe4 31. Bf1) 27... Rxc1 ({Better is} 27... Nc5 $1 $14) 28. Rxc1 $18 {Threatens to win with Rc7.} Nc5 {[#]} 29. b4 $1 {[%cal Rb4c5]} Ne4 30. Rc7 Re7 $2 (30... Ba8 31. Qe3 Rf8) 31. Rxe7 Qxe7 32. e6 {[%csl Gb2][%cal Rd4h8]} Nf6 33. Qxf6 Qxf6 34. Bxf6 Kf8 35. e3 Bc6 36. Kf2 Ke8 37. Bf3 h6 38. h5 Bb7 39. hxg6 {Accuracy: White = 74%, Black = 40%.} 1-0